| 000 | 00484cam a2200169ua 4500 | ||
|---|---|---|---|
| 001 | 1375 | ||
| 008 | 110707n ii |||gr||||Z||||||eng | ||
| 040 | _cMAIN | ||
| 082 | _a323 | ||
| 100 | 1 |
_aedited by Mahanta, Aparna, _eauthor., |
|
| 245 | 1 | _aHuman rights and women of north east india | |
| 260 |
_aDibruugarh: _bRegistrar, Dibrugarh University, _c2002. |
||
| 300 |
_a278p: _c23cm. |
||
| 653 | _aPolitical Science | ||
| 653 | _aHuman rights and women of north east india | ||
| 942 | _cBK | ||
| 999 |
_c1270 _d1270 |
||